| 000 | 00599nam a2200181 i 4500 | ||
|---|---|---|---|
| 001 | 100878 | ||
| 003 | ES-MaACL | ||
| 005 | 20230906182759.0 | ||
| 007 | t| | ||
| 008 | 051006s1971 sp ||||1| spa d | ||
| 100 | 1 |
_aMather, Kenneth. _979017 |
|
| 245 | 1 | 0 |
_aAnálisis estadístico en biología / _cK. Mather; con un prefacio de R. A. Fisher...; [traducido por Julio Porcel Moleón]. |
| 260 |
_aMadrid : _bParaninfo, _c1971. |
||
| 300 |
_a344 p. : _bil. ; _c21 cm. |
||
| 700 | 1 |
_aFisher, Ronald Aylmer. _951039 |
|
| 700 | 1 |
_aPorcel Moleón, Julio. _993116 |
|
| 852 |
_aES-MaACL _jC-38745 _bR.78634 |
||
| 999 |
_c100878 _d100878 |
||